| 000 | 01440nam0a2200349 4500 | ||
|---|---|---|---|
| 001 | RU\NLR\bibl\1112778 | ||
| 005 | 20250615062155.0 | ||
| 010 |
_a978-5-7695-4041-7 _92500 |
||
| 021 |
_aRU _b2007-40868 _92195 |
||
| 035 | _a(NLR Aleph) 001099800 | ||
| 090 |
_a1170976 _c1170976 |
||
| 100 | _a20070725d2007 |||y0rusy50 ca | ||
| 101 | 0 | _arus | |
| 102 | _aRU | ||
| 105 | _aa ||||||||| | ||
| 200 | 1 |
_aОсновы коллоидной химии _eучебное пособие для студентов, обучающихся по специальности 020101.65 (011000) "Химия" и направлению 020100.62 (510500) "Химия" _fБ.Д. Сумм |
|
| 205 | _a2-е изд., стер. | ||
| 210 |
_aМосква _cАкадемия _d2007 |
||
| 215 |
_a238, [1] с. _cил. _d22 |
||
| 225 | 1 |
_aВысшее профессиональное образование _iЕстественный науки |
|
| 225 | 1 | _aУчебное пособие | |
| 320 | _aБиблиогр.: с. 237 | ||
| 606 | 1 |
_aКоллоидная химия _jУчебные издания для высших учебных заведений _9937969 _3RU\NLR\auth\6627895 |
|
| 686 | _aГ6я73-1 | ||
| 700 | 1 |
_aСумм _bБ. Д. _gБорис Давидович _4070 |
|
| 801 | 0 |
_aRU _bNLR _c20070725 _gRCR |
|
| 801 | 1 |
_aRU _bNLR _c20070725 |
|
| 830 | _aавт. по кн. | ||
| 942 | _cBOOK | ||
| 980 | _aNB | ||